Yu-Gi-Oh Cards by Picture (GX) - Statistiques

Statistiques générales
  • Ce quiz a été pris 7 fois
  • Le résultat moyen est 7 sur 30
Statistiques - réponses
Par images Réponse % Correct
Cyber Dragon
80%
Advanced Ritual Art
40%
Ancient Gear
40%
Babycerasaurus
40%
Dark City
40%
Elemental HERO Flame Wingman
40%
Ojamuscle
40%
Rescueroid
40%
Super Polymerization
40%
Crystal Beast Cobalt Eagle
20%
Cyber Blader
20%
Destiny HERO Diamond Dude
20%
Dimensional Fissure
20%
Dragon's Mirror
20%
Flame Ogre
20%
Gemini Summoner
20%
Gladiator Beast Dimacari
20%
Goldd, Wu-Lord of Dark World
20%
Harpie Queen
20%
Judgment Dragon
20%
Justi-Break
20%
Karma Cut
20%
Megarock Dragon
20%
Rainbow Life
20%
The Six Samurai - Irou
20%
Tri-Blaze Accelerator
20%
Cloudian - Storm Dragon
0%
Mirror Gate
0%
Neo-Spacian Dark Panther
0%
Shadow-Imprisoning Mirror
0%
Aucun quiz correspondant
Distribution des résultats
% des personnes avec chaque résultat
Percentile par nombre de réponses
Votre historique - résultats
Vous n’avez pas pris ce quiz